BIBLIOTECA

SENCICO

Estadística y muestreo / (Registro nro. 164)

Detalles MARC
000 -LEADER
fixed length control field 01356nam a2200265Ia 4500
003 - CONTROL NUMBER IDENTIFIER
control field PE SENCICO BE
005 - DATE AND TIME OF LATEST TRANSACTION
control field 20251020182428.0
008 - FIXED-LENGTH DATA ELEMENTS--GENERAL INFORMATION
fixed length control field 200515s9999 xx 000 0 und d
020 ## - INTERNATIONAL STANDARD BOOK NUMBER
International Standard Book Number 978-958-648-702-3
040 ## - CATALOGING SOURCE
Original cataloging agency PE SENCICO BE
Transcribing agency PE SENCICO BE
041 ## - LANGUAGE CODE
Language code of text/sound track or separate title spa
082 ## - DEWEY DECIMAL CLASSIFICATION NUMBER
Classification number 519.5
Item number M26 2012
100 1# - MAIN ENTRY--PERSONAL NAME
Personal name Martínez Bencardino, Ciro
9 (RLIN) 2395
Relator term autor
245 10 - TITLE STATEMENT
Title Estadística y muestreo /
Statement of responsibility, etc. Ciro Martínez Bencardino
250 ## - EDITION STATEMENT
Edition statement 13a ed.
260 ## - PUBLICATION, DISTRIBUTION, ETC.
Place of publication, distribution, etc. Bogotá, D.C. :
Name of publisher, distributor, etc. Ecoe Ediciones ;
Date of publication, distribution, etc. 2012
300 ## - PHYSICAL DESCRIPTION
Extent xix, 874 p. :
Other physical details tbl., graf. ;
Dimensions 27 cm.
490 ## - SERIES STATEMENT
Series statement Textos universitarios. Matemáticas
505 0# - FORMATTED CONTENTS NOTE
Formatted contents note Distribuciones de frecuencias -- Medidas de posición y de tendencia -- Medidas de dispersión, de deformación y apuntamiento y apuntamiento -- Nociones elementales de probabilidad -- Distribuciones de probabilidad -- Distribuciones muestrales. Muestreo aleatorio -- Pruebas de hipótesis y límites de confianza -- Otras pruebas de hipótesis -- Números índices -- Series cronológicas -- Regresión y correlación -- Algunos métodos de muestreo -- Series cronológicos -- Regresión y correlación -- Algunos métodos de muestreo.
650 10 - SUBJECT ADDED ENTRY--TOPICAL TERM
Topical term or geographic name entry element Estadística
9 (RLIN) 1473
650 10 - SUBJECT ADDED ENTRY--TOPICAL TERM
Topical term or geographic name entry element Estadística matemática
9 (RLIN) 210
650 10 - SUBJECT ADDED ENTRY--TOPICAL TERM
Topical term or geographic name entry element Muestreo (Estadística)
9 (RLIN) 2393
650 20 - SUBJECT ADDED ENTRY--TOPICAL TERM
Topical term or geographic name entry element Estadística descriptiva
9 (RLIN) 209
942 ## - ADDED ENTRY ELEMENTS (KOHA)
Koha item type Libros
Source of classification or shelving scheme Dewey Decimal Classification
Existencias
Fecha de la última vez que lo usaron Número de ingreso o de inventario Pago total Signatura topográfica completa Código de barras Precio efectivo desde Tipo de documento Estado perdido Estado dañado No es para préstamo Retirado Ubicación permanente Ubicación actual Fecha de adquisición
15/05/2020 15826   519.5/M26/2012 BibLima24070063 15/05/2020 Libros         Biblioteca Central Lima Biblioteca Central Lima 15/05/2020